00000000nam 2200000zi 4500
0019.955934
003CaOODSP
00520251030135916
006m     o  d f      
007cr mn|||||||||
008251002s2025    onca    o    f000 0 fre d
020 |a9780660791821
040 |aCaOODSP|bfre|erda|cCaOODSP
043 |an-cn---
0861 |aCi44-27/2025F-PDF
24500|aFiche d'information : |bles demandeurs d'asile et le Programme fédéral de santé intérimaire.
264 1|a[Ottawa] : |bImmigration, réfugiés et citoyenneté Canada = Immigration, Refugees and Citizenship Canada, |c[2025]
300 |a1 ressource en ligne (3 pages non numérotées) : |billustration en couleur
336 |atexte|btxt|2rdacontent/fre
337 |ainformatique|bc|2rdamedia/fre
338 |aressource en ligne|bcr|2rdacarrier/fre
500 |aPublié aussi en anglais sous le titre : Information sheet: refugee claimants and the Interim Federal Health Program.
500 |a« IRCC-3688 » -- Page [1].
650 6|aRéfugiés|xSoins médicaux|zCanada|xFinances.
650 6|aRéfugiés|xSoins médicaux|xPolitique gouvernementale|zCanada.
650 6|aAssurance-maladie|xPolitique gouvernementale|zCanada.
7101 |aCanada. |bImmigration, réfugiés et citoyenneté Canada, |eorganisme de publication.
77508|tInformation sheet : |w(CaOODSP)9.955933
795 |tFiche d'information : |w(CaOODSP)9.942616
85640|qPDF|s279 Ko|uhttps://publications.gc.ca/collections/collection_2025/ircc/Ci44-27-2025-fra.pdf
986 |aIRCC-3688